zpět

Detail výsledku týmu

Radegastovna Bruntál, Bruntál

Datum a čas kvízu

27.5 Celkem bodů Celkový počet nahraných bodů na tomto kvízu bez doplňovacích otázek.
7. Pořadí na kvízu Konečné umístění týmu na tomto kvízu.

Zaznamenané odpovědi

# Otázka Odpověď Body Výsledky
1. Při informování o rozdělení mi... prevence 1
2. Nejen u nás, ale i v jedné sou... v Polsku 0
3. V úterý vystoupily v pražské O... Megadeth; Disturbed 1
4. Francouzská státní společnost... croissant 1
5. V neděli se na pardubickém dos... Stumptown; Irsko 1
6. Rozdělení Římské říše mezi Hon... na konci 4. století 0
7. Ve 14. století Evropu sevřela... D 1
8. Adolf Hitler se nepoučil z výs... 6. armáda, (Friedrich) Paulus 0.5
9. Jedním z největších přešlapů m... Lehman Brothers 1
10. Jak moc velkou chybou byl či n... A 1